| 000 | 00537nam a2200169 4500 | ||
|---|---|---|---|
| 008 | 171212b xxu||||| |||| 00| 0 eng d | ||
| 020 | _a0070706859 | ||
| 082 |
_21994 _aDC 792 _bW69w |
||
| 100 |
_925039 _aWilson, Edwin, author. |
||
| 245 |
_aThe theater experience / _cEdwin Wilson. |
||
| 250 | _asixth edition. | ||
| 260 |
_aNew York : _bMcGraw-Hill, _c©1994. |
||
| 300 |
_axviii, 475 pages : _billustrations ; _c23 cm. |
||
| 500 | _aIncludes bibliographical references and index. | ||
| 650 | 0 |
_925040 _aTheater. |
|
| 942 |
_2ddc _cDC |
||
| 999 |
_c8095 _d8095 |
||